Регионална библиотека "Любен Каравелов" - Русе

Психология (Запис номер 469682)

MARC детайли
000 -Лидер
Контролно поле с фиксирана дължина 01555nam a2200397 c 4500
003 - Код на организацията, давaща контролен номер
Контролно поле BLK
005 - Дата и час на последна редакция
Контролно поле 20220808130626.0
008 - Елементи от данни с фиксирана дължина
fixed length control field 180409b bul|||||r ||||||| ||bul||
040 ## - Източник на каталожния запис
Идентификатор на билиотеката - собственик на записа BLK
041 ## - Код за език
Код за езика на текст/звукозапис или на отделно заглавие Руски
Код за езика КДБФ Руски
080 ## - УДК
Текстов определител УДК Психология
УДК код - определител по УДК 159.9
УДК - код + определител 159.9
100 1# - Редна дума - Автор
Автор Джеймс, Уильям
Авторска отговорност първи автор
R(LIN) 325526
139 ## - Редно поле
Редна дума Джеймс, Уильям
Авторски знак Дже - Д 50
245 10 - Сведения за заглавието
Заглавие Психология
Подзаглавни данни (Text book of psychology)
Редно поле (дума) Уильям Джеймс; пер. с англ. И .И. Лапшина
250 ## - Област на изданието
Сведения за изданието 2. изд.
260 ## - Област на издателските данни
Година на издаване 1898
Печатница Санкт-Петербург : тип. В. Безобразова и Ко
Място на издаване, разпространение и проч. Санкт-Петербург
300 ## - Физическа характеристика
Страници VIII, 412 с., 23 с.
Илюстрации и др. с ил.
Размери/Мащаб 24 см
380 ## - Жанр
Жанр Философия
490 ## - СЕРИИ (Колекции)
9 (RLIN) 435080
Име на серия Колекция Редки и ценни издания
650 #4 - Допълнително описание по предмет – тема
Основно описание – тема или топоним Психология - философски проблеми
9 (RLIN) 255619
653 ## - Ключова дума – ненормативна
Ключова дума психология
653 ## - Ключова дума – ненормативна
Ключова дума чувства
653 ## - Ключова дума – ненормативна
Ключова дума зрение
653 ## - Ключова дума – ненормативна
Ключова дума памет
653 ## - Ключова дума – ненормативна
Ключова дума внимание
653 ## - Ключова дума – ненормативна
Ключова дума понятия
653 ## - Ключова дума – ненормативна
Ключова дума висша нервна дейност
700 1# - Други автори (авторска отговорност)
Лично име Лапшин, Иван Иванович
Автороска отговорност (Описва отношението между автора и произведението) прев. от англ.
9 (RLIN) 325528
852 ## - Местоположение
Форматна сигнатура Рр 898
Фондова буква Редки и ценни
856 4# - Електронен адрес и достъп
Електронен формат pdf - файл
856 4# - Електронен адрес и достъп
Електронен формат pdf - файл
999 ## - СИСТЕМНИ КОНТРОЛНИ НОМЕРА
Koha biblionumber 469682
Koha biblioitemnumber 469682
942 ## - АРТИКУЛИ
Вид на библиотечния материал Книги
Скрит в OPAC Не
Периодичен библиозапис Да
944 ## - СЪЗДАВАНЕ И РЕДАКЦИЯ на ЗАПИСА
Създаване/Редакция Създаване
Дата на регистрацията/редакция 2022-08-08
Служител, извършил регистрацията/редакцията нр
Наличности
Код за отписване Код за изгубен артикул Източник на класификационната схема Код за повреда Коз за рестрикции Код за отдаване Артикулен № Име на библиотеката - собственик Име на библиотеката, в която се намира в момента Статус (Текущо местоположение) Дата на вписване в системата Местоположение - отдел Цена в лева Систематично азбучна сигнатура Баркод Цена в евро Служебен тип на артикула
  Не е изгубен Universal Decimal Classification Не е повреден само за читалня Специални фондове ( старопечатни, редки и ценни, фонд М. Арнаудов) 899872 Регионална библиотека "Любен Каравелов" Русе Регионална библиотека "Любен Каравелов" Русе Редки и ценни 2022-08-11 Редки и ценни 10.00 Рр 898 120000874002 5.11 Книги
Vip Innovations Ltd, Rousse, Bulgaria 2025